Catálogo
 En Linea

The history of transylvania / (Registro nro. 6400)

Detalles MARC
000 -CABECERA
campo de control de longitud fija 01332cam a2200361 a 4500
001 - NÚMERO DE CONTROL
campo de control 000006610
005 - FECHA Y HORA DE LA ÚLTIMA TRANSACCIÓN
campo de control 20200929153947.0
008 - DATOS DE LONGITUD FIJA--INFORMACIÓN GENERAL
campo de control de longitud fija 060119s2005 rm ab b 001 0 eng d
020 ## - NÚMERO INTERNACIONAL ESTÁNDAR DEL LIBRO
Número Internacional Estándar del Libro 9737784049 (set)
020 ## - NÚMERO INTERNACIONAL ESTÁNDAR DEL LIBRO
Número Internacional Estándar del Libro 9737784006 (vol. 1)
040 ## - FUENTE DE LA CATALOGACIÓN
Centro catalogador/agencia de origen DO-SdBNP
Lengua de catalogación eng
Centro/agencia transcriptor LC
Centro/agencia modificador BNPHU
082 ## - NÚMERO DE LA CLASIFICACIÓN DECIMAL DEWEY
Número de clasificación 949.8013
Número de documento/Ítem H673t
049 ## - FONDOS LOCALES (OCLC)
Fondos de biblioteca BNGR
245 04 - MENCIÓN DE TÍTULO
Título The history of transylvania /
Mención de responsabilidad, etc. Mihai Barbulescu ... [et al.] ; coordinadores Ioan-Aurel Pop, Thomas Nägler ; traducción y revisión Bogdan Aldea y Richard Proctor.
260 ## - PUBLICACIÓN, DISTRIBUCIÓN, ETC.
Lugar de publicación, distribución, etc. Cluj-Napoca :
Nombre del editor, distribuidor, etc. Romanian Cultural Institute,
Fecha de publicación, distribución, etc. 2005.
300 ## - DESCRIPCIÓN FÍSICA
Extensión v. :
Otras características físicas il., maps. ;
Dimensiones 24 cm.
500 ## - NOTA GENERAL
Nota general La biblioteca sólo posee el volumen 1.
504 ## - NOTA DE BIBLIOGRAFÍA, ETC.
Nota de bibliografía, etc. Referencias bibliográficas p. [349]-362 e índice.
651 #4 - PUNTO DE ACCESO ADICIONAL DE MATERIA--NOMBRE GEOGRÁFICO
Nombre geográfico Transilvania (Rumanía{Rpara}
Subdivisión general Historia
9 (RLIN) 18331
651 #4 - PUNTO DE ACCESO ADICIONAL DE MATERIA--NOMBRE GEOGRÁFICO
Nombre geográfico Rumanía
Subdivisión general Historia
9 (RLIN) 18332
700 1# - PUNTO DE ACCESO ADICIONAL--NOMBRE DE PERSONA
Nombre de persona Bârbulescu, Mihai.
9 (RLIN) 18333
700 1# - PUNTO DE ACCESO ADICIONAL--NOMBRE DE PERSONA
Nombre de persona Dörner, Anton E.
9 (RLIN) 18334
700 1# - PUNTO DE ACCESO ADICIONAL--NOMBRE DE PERSONA
Nombre de persona Glodariu, Ioan
9 (RLIN) 18335
700 1# - PUNTO DE ACCESO ADICIONAL--NOMBRE DE PERSONA
Nombre de persona Nägler, Thomas
9 (RLIN) 18336
700 1# - PUNTO DE ACCESO ADICIONAL--NOMBRE DE PERSONA
Nombre de persona Pop, Grigor P.
9 (RLIN) 18337
700 1# - PUNTO DE ACCESO ADICIONAL--NOMBRE DE PERSONA
Nombre de persona Pop, Ioan Aurel
9 (RLIN) 18338
700 1# - PUNTO DE ACCESO ADICIONAL--NOMBRE DE PERSONA
Nombre de persona Rotea, Mihai
9 (RLIN) 18339
700 1# - PUNTO DE ACCESO ADICIONAL--NOMBRE DE PERSONA
Nombre de persona Sâlâgean, Tudor
9 (RLIN) 18340
700 1# - PUNTO DE ACCESO ADICIONAL--NOMBRE DE PERSONA
Nombre de persona Vasiliev, Valentin
9 (RLIN) 18341
700 1# - PUNTO DE ACCESO ADICIONAL--NOMBRE DE PERSONA
Nombre de persona Aldea, Bogdan,
Término indicativo de función/relación tr.
9 (RLIN) 18342
700 1# - PUNTO DE ACCESO ADICIONAL--NOMBRE DE PERSONA
Nombre de persona Proctor, Richard,
Término indicativo de función/relación tr.
9 (RLIN) 18343
910 ## - DATOS DE OPCIÓN DEL USUARIO (OCLC)
Datos de opción del usuario Catalogación por copia / LC
Existencias
Estado de retiro Estado de pérdida Restricciones de uso No para préstamo Código de colección Localización permanente Ubicación/localización actual Ubicación en estantería Fecha de adquisición Número de inventario Total de préstamos Signatura topográfica completa Código de barras Fecha visto por última vez Precio válido a partir de Tipo de ítem Koha
    Préstamo interno   Monografías: Libros y Folletos General General En catalogación 01.09.2009 LF1   v. 1 6610-10 25.06.2020 25.06.2020 Préstamo interno

Con tecnología Koha